000 00595cam a2200217 i 4500
001 2688737
005 20180212041612.0
008 750404s1976 nyua b 001 0 eng
010 _a 75011817
020 _a0023537205
040 _aDLC
_cDLC
_dDLC
041 _aeng
080 _a301.1832 HER
082 0 0 _a301.1832 HER
_a658
_219
100 1 _a48
101 _aPSI
245 1 0 _aDimensions of organizational behavior /
_cTheodore T. Herbert.
504 _aIncludes bibliographical references and indexes.
906 _a7
_bcbc
_corignew
_d1
_eocip
_f19
_gy-gencatlg
942 _2ddc
_cBK
999 _c42313
_d42313